| 000 | 00586nam a2200193Ia 4500 | ||
|---|---|---|---|
| 008 | 151121s9999||||xx |||||||||||||| ||und|| | ||
| 082 | _a811/ढसाळ | ||
| 082 | _bHNW-31622 | ||
| 100 | _aढसाळ नामदेव | ||
| 245 | _aगोलपिठा | ||
| 260 | _b"झपुर्झा साहित्य सहवास, मुंबई।" | ||
| 260 | _c-- | ||
| 300 | _a88 | ||
| 600 | _aढसाळ नामदेव | ||
| 630 | _aगोलपिठा | ||
| 700 | _aढसाळ नामदेव | ||
| 730 | _aगोलपिठा | ||
| 942 | _cBOOK | ||
| 999 |
_c1225559 _d1225556 |
||